00710nam a2200241 a 4500001001300000003000900013005001700022008004100039020001100080082001500091100002200106245005500128260004700183300000900230500003500239505001600274650001500290700002200305902000800327942000700335952011100342999001500453nice12345678IN_TiNIC20260116011657.0050524s1957 mada grp 000 0 eng  ac3.7500a226.6bMOU aMoulton, Harold K aActs of the Apostlesb Introduction and Commentary aMadrasbChristian Literature Societyc1957 a387p aincludes index and biblioraphy2 aIndex, Maps aBible-Acts1 aMoulton, Harold K bSRS cBK 001040708StackRoom-aHMIbHMId2007-06-20g3.75l0o226.6 MOUp08454r2007-06-20v3.75w2005-05-24yBK c3346d3346